[Event "Tan Chin Nam Cup 6th"]
[Site "Beijing"]
[Date "2000.07.13"]
[Round "5"]
[White "Ye, Jiangchuan"]
[Black "Dreev, Alexey"]
[Result "1-0"]
[WhiteElo "2670"]
[BlackElo "2676"]
[Annotator "Psakhis,L"]
[PlyCount "117"]
[EventDate "2000.07.03"]
[EventType "tourn"]
[EventRounds "9"]
[EventCountry "CHN"]
[EventCategory "16"]
[SourceTitle "CBM 078"]
[Source "ChessBase"]
[SourceDate "2000.10.18"]
[SourceVersion "1"]
[SourceVersionDate "2000.10.18"]
[SourceQuality "1"]

1. e4 e6 2. d4 d5 3. Nd2 c5 4. exd5 Qxd5 5. Ngf3 cxd4 6. Bc4 Qd6 7. Qe2 Nf6 8.
Nb3 Nc6 9. Bg5 Qb4+ $6 {It is very strange that so big expert in French as
Alexey Dreev choose this suspisious line. Instead of move in text Black could
play for a draw -} (9... a6 $5 10. O-O-O b5 11. Bd3 Bb7 12. Nbxd4 Nxd4 13. Nxd4
Qd5 14. Bxf6 gxf6 15. Nxb5 Qxa2 16. Nc7+ Ke7 17. Qh5 Bh6+ 18. Qxh6 Qa1+ 19. Kd2
Qa5+ 20. Kc1 Qxc7 21. Rhe1 Bd5 22. Be4 Bxe4 23. Rxe4 Qa5 {1/2-1/2 Oral,
T-Khuzman,A/EU t-ch Batumi 1999/CBM 74 (23)}) ({o to choose complicated
continuation} 9... Be7 $5 10. O-O-O e5 11. h3 a6 12. Rhe1 b5 13. Bd3 Be6 14.
Kb1 Rc8 15. Bh4 Nd7 16. Bg3 Bf6 17. Be4 Bc4 18. Qd2 O-O 19. c3 Nc5 20. Nxc5
Qxc5 21. Bxc6 dxc3 $1 $17 {0-1 Roiz,M-Holzke,F/Biel op 2000 (26).}) 10. Bd2 Qb6
11. O-O-O Be7 $146 {This novelty doesn't change estimation of position as
better for white} (11... Bd7 12. Bg5 O-O-O 13. Nfxd4 Nb4 (13... Na5 14. Nxa5
Qxa5 15. Bf4 Ne8 16. Nxe6 fxe6 17. Bxe6 Nf6 18. Rd3 Bb4 19. Rc3+ Bc5 20. Qe5
Bxe6 21. Rxc5+ {1-0 Anka,E-Almasi,I/Budapest GM 1994 (21)}) 14. a3 Nbd5 15.
Bxd5 exd5 16. f3 Bd6 17. g3 $14 {1-0 Rosentalis-Glek,I/Antwerpen op 1993 (37)})
12. Bg5 h6 13. Bh4 O-O 14. Nbxd4 $14 {[%csl Gc4,Gd4,Gh4] White took back pawn
and keep initiative thank,s to better development and active pieces.} Bd7 15.
Nxc6 Bxc6 16. Ne5 {[%cal Gf2f4,Re5f7]} Nd5 {Piece sucrifice, but I am not sure
that Black had better choice} (16... Bxg2 17. Rhg1 {[%cal Gg1g8]}) (16... Qc5
17. f4 {[%cal Gf4f5]} Rac8 $140 (17... Rfc8 18. Nxf7 $1) 18. Bf2 $1 Qb4 19. c3
Qa4 20. Ng6 $1 fxg6 21. Bxe6+ Kh8 22. Bxc8 Qe4 23. Rhe1 $18) (16... Rad8 17.
Ng6 $1) 17. Bxd5 $1 Bxh4 18. Bxc6 bxc6 19. Nd7 Qa5 {What else, White easily
wins endgame, possible after} (19... Qxf2 20. Qxf2 Bxf2 21. Nxf8 Be3+ 22. Kb1
Kxf8 23. Rd7 $16) 20. Qc4 ({Much easy White cpild win after simple} 20. Nxf8 $5
{for example} Qxa2 $140 (20... Rxf8 21. Kb1 Rb8 22. Rd3 $18) 21. Qe4 $1 Bf6 22.
Nd7 Bxb2+ 23. Kd2 $18) 20... Rfd8 $1 21. Qxh4 Qxa2 22. Qe7 ({Deserves attention
} 22. Qd4 c5 23. Qd6 Qa1+ 24. Kd2 Qa4 25. Ke3 $5) 22... Qa1+ 23. Kd2 Qxb2 24.
Ke3 $1 $16 {White king finally got safe position and white's victory now is
just question of time} a5 25. Rd4 {[%cal Rd7f6]} Re8 26. Qc5 e5 27. Ra4 Rad8
28. Rd1 Qb7 29. Qd6 Kh8 (29... Qb5 $5 30. Rg4 Kh8 31. Rh4 $16) 30. Rg4 Re6 31.
Qa3 Qa7+ (31... Rxd7 $4 32. Qf8+) 32. Ke2 f5 33. Rg3 Qa6+ (33... Rxd7 $2 34.
Qf8+ Kh7 35. Qxf5+ $18) 34. Qd3 Qb5 35. c4 Qb2+ 36. Rd2 e4 37. Qc3 (37. Qb3 $5)
37... Qxc3 38. Rxc3 f4 39. Ke1 (39. Nc5 f3+ $1 40. gxf3 exf3+ 41. Kxf3 Rf6+ 42.
Ke3 Rxd2 43. Kxd2 Rxf2+) 39... g5 40. Ra3 Re7 (40... e3 41. fxe3 Rxe3+ 42. Rxe3
fxe3 43. Rd3 a4 44. Nc5 $18) 41. Nc5 Rb8 42. Rb3 (42. Rxa5 $5) 42... Rxb3 43.
Nxb3 a4 44. Nc5 f3 45. g4 $1 $18 {Begging of the end - Black soon will lose
all pawns} e3 (45... a3 46. Rd8+ Kh7 47. Ra8) 46. Ra2 h5 (46... Re5 47. Nxa4
Re4 48. h3) 47. gxh5 g4 48. fxe3 Rxe3+ 49. Kf2 Rc3 50. Nxa4 Rxc4 51. Nb6 Rc1 (
51... Rc5 52. Kg3 Rxh5 53. Kxg4 $18) 52. Nd7 {[%cal Gd7e5]} Rh1 (52... Kg7 53.
Ne5 Kh6 54. Nxg4+ Kxh5 55. Kxf3) 53. Kg3 Rg1+ 54. Kh4 Rg2 55. Ra7 $1 Kg8 (55...
f2 56. Nf6 $18) 56. Nf6+ Kf8 57. Nxg4 {Knight worked very well in this game!}
f2 58. Ra1 c5 59. Rf1 1-0

[Event "Olympiad-36"]
[Site "Mallorca"]
[Date "2004.10.19"]
[Round "5"]
[White "Perez Candelario, Manuel"]
[Black "Ostenstad, Berge"]
[Result "1-0"]
[WhiteElo "2474"]
[BlackElo "2506"]
[Annotator "Psakhis,L"]
[PlyCount "75"]
[EventDate "2004.10.15"]
[EventType "team-swiss"]
[EventRounds "14"]
[EventCountry "ESP"]
[SourceTitle "CBM 104"]
[Source "ChessBase"]
[SourceDate "2005.01.27"]
[SourceVersion "1"]
[SourceVersionDate "2005.01.27"]
[SourceQuality "1"]
[WhiteTeam "Spain II"]
[BlackTeam "Norway"]
[WhiteTeamCountry "ESP"]
[BlackTeamCountry "NOR"]

1. e4 e6 2. d4 d5 3. Nd2 c5 4. exd5 Qxd5 5. Ngf3 cxd4 6. Bc4 Qd6 7. O-O Nf6 8.
Nb3 Nc6 9. Nbxd4 Nxd4 10. Nxd4 a6 (10... Bd7 11. c3 Qc7 12. Qe2 Bd6 13. Nb5
Bxb5 14. Bxb5+ Ke7 15. g3 $14 {[%csl Gb5,Gc1]}) 11. Bb3 (11. Re1 $5) 11... Qc7
12. Qf3 Bd6 13. Kh1 (13. h3 O-O 14. Bg5 Nd7 15. c3 b5 (15... Ne5 16. Qh5 Ng6
17. Bc2 Bh2+ 18. Kh1 Bf4 19. Bxf4 Qxf4 20. Nf3 Qc7 21. Rad1 b5 22. Rd4 Qe7 23.
Ng5 h6 24. Nxf7 {1-0 Parligras,M-Almasi,I/Budapest Novotel Chess Festival 2004/
LesEchecs}) 16. Rfe1 Bb7 17. Qh5 Nc5 18. Bc2 g6 19. Qh4 Rfe8 20. Re3 Be7 21.
Rae1 Rad8 22. b4 Bxg5 23. Qxg5 Rd5 24. Nf5 $1 $40 {1-0 Akopian,V-Gonzalez
Garcia,J/Wch KO Tripoli 2004/(38)}) 13... O-O 14. Bg5 Nd7 15. c3 Ne5 16. Qh5 (
16. Qh3 $5 Ng6 17. Rad1 $5 $146 (17. Bc2 h6 18. Be3 Nf4 19. Qf3 Bd7 20. Rad1 (
20. Qe4 Ng6 21. Qg4 Nf4) 20... Rad8 21. Qe4 (21. Rfe1 Bc8 22. Bc1 Rfe8 (22...
b6 23. Nc6 $1 (23. Qe4 Ng6 24. Qg4 (24. Qc6 Bxh2) 24... Nf4 25. Re3 f5 (25...
f5 26. Qh4 e5)) 23... Bb7 24. Be4 $14 Bxc6 (24... f5 25. Ne7+) 25. Bxc6 $14 {
'#D2'}) 23. Re4 Ng6 (23... e5 24. Bxf4 exf4 25. h4 $1 $16) 24. Rde1 Be5 (24...
b6 25. Rg4 Ne5 26. Rxg7+ $1 Kxg7 27. Bxh6+ $1 Kxh6 28. Qf6+ Ng6 29. Re3 e5 30.
Re4 $18) (24... Bc5 25. Nb3 Bf8 26. h4) 25. Nb3 Bf6 $140 26. Bxh6) (21. Rd2 Bc8
22. Rfd1 Nd5 $11 23. Qe4 $140 f5 24. Nxe6 fxe4 25. Nxc7 Nxe3) 21... Ng6 22. Qg4
Nf4 23. Qh4 Bc8 $11 {Vokarev,S-Biriukov,O/St Petersburg 300 Years 2003//1/2-1/
2 (57)}) 17... b5 ({Worth considering} 17... Nf4 $5 18. Qh4 (18. Bxf4 Bxf4 19.
Bc2 g6 {[%csl Gf4]}) 18... h6 19. Bc2 Ng6 20. Bxg6 fxg6 21. Be3 e5 $13) 18. Bc2
Bf4 (18... Re8 $5) 19. Nf3 {[%cal Gf3g5] This is also a typical manoeuvre in
such positions.} (19. Bxg6 $6 hxg6 20. Bxf4 Qxf4 21. Nc6 Qf6 $11) (19. Be4 Ra7
20. Bxf4 Qxf4 21. Bxg6 hxg6 22. Nc6 Rc7 23. Rd4 Qf5 $1) 19... e5 20. Qh5 Bb7 $8
21. Bxf4 $1 Bxf3 (21... exf4 $2 22. Ng5 h6 23. Nxf7 $18) 22. Qxf3 Nxf4 23. g3 {
[%csl Gc2,Rf4] 1-0 Ye Jiangchuan-Ni Hua/FIDE-Wch k.o. Tripoli 2004/CBM 102/
[Psakhis] (38) In my opinion White has some advantage here; maybe small, but
lasting.}) 16... Ng6 17. Bc2 h6 (17... Re8 18. Rae1 Nf8 19. Nf5 Bf4 20. Nxg7
Re7 21. Bf6 Ng6 22. g3 Bd6 23. Qh6 Rd7 24. Ne8 Qc6+ 25. Be4 Bf8 26. Bg7 f5 27.
Nf6+ Kf7 28. Bxf8 {1-0 Timofeev,A-Berend,F/ECC t-ch Izmir 2004/}) 18. Be3 ({
White failed to get any advantage after} 18. Nf3 b5 19. Rad1 Bf4 20. Bxf4 Nxf4
21. Qe5 Qxe5 22. Nxe5 Bb7 23. f3 Rfd8 24. Kg1 Rac8 25. a3 f6 $11 {Ivanchuk,
V-Anand,V/Reggio Emilia 1991/1/2-1/2 (44)}) (18. Bd2 Bf4 19. Rad1 Bxd2 20. Rxd2
Nf4 21. Qh4 Bd7 22. Rfd1 Rad8 23. Nf3 Nd5 24. Qg3 Qxg3 25. hxg3 b5 26. Ne5 $14
{1-0 Rublevsky,S-Guliev,N/FRA t-ch 2004/ChessBase (45)}) 18... Nf4 19. Qf3 Nd5
(19... Rb8 $6 $146 20. Rad1 $14 b5 $2 21. Nc6 Bb7 22. Bxf4 $1 Bxf4 23. Qd3 $18
g6 24. Nxb8 Rxb8 25. Rfe1 Qe7 26. Qh3 {1/2-1/2 Rogic,D-Kruppa,Y/EUR-ch Ohrid
2001/ (62)}) (19... b6 $2 20. Bxf4 Bxf4 21. Qxa8 Bb7 22. Bh7+ $1 $18) 20. Bd2 (
20. Qe4 f5 21. Qd3 Nxe3 22. fxe3 Bxh2 23. e4 $36 Be5 $140 24. exf5 Bxd4 25.
fxe6) 20... b6 $146 {According to my database, this position appeared for the
first time} (20... b5 21. Qe4 f5 22. Qe2 Rf6 23. Bb3 Qc5 24. Rad1 Kh8 25. Bc1
Bd7 26. Bxd5 exd5 27. Qf3 f4 28. Rfe1 Re8 $11 {Potkin,V-Rodriguez Guerrero,E/
Linares Anibal op 2002/ /1/2-1/2 (44)}) 21. Rad1 Bb7 {It seems that this
natural move is innacurate.} ({Worth considering} 21... Rb8 22. Qe4 $140 f5)
22. Qe4 Nf6 23. Qh4 Qe7 (23... Be7 24. Bxh6 $1 gxh6 25. Qxh6 Qe5 (25... Be4 $2
26. Qg5+ Kh8 27. Bxe4 Nxe4 28. Qh5+ Kg7 29. Qg4+ Ng5 30. f4 $18) 26. Rd3 (26.
Nxe6 fxe6 27. Qg6+ Kh8 28. Qh6+ $11) 26... Ne4 $8 27. Re3 (27. Rh3 $2 Nxf2+ $1
28. Kg1 Nxh3+ 29. Qxh3 Qh8 $19) 27... Bg5 28. Qh5 $16) 24. Bxh6 $1 {[%mdl 512]
White is ideally developed, now it is time for action! Surely, this move
requires courage and accurate calculation.} (24. Rfe1 Nd5) 24... gxh6 25. Qxh6
{[%cal Rd1d3]} Ne4 (25... Be4 26. Qg5+ Bg6 (26... Kh7 27. Qh4+ Kg7 28. Bxe4 $18
) 27. Bxg6 fxg6 28. Qxg6+ Kh8 29. Rfe1 $16) 26. Bxe4 (26. f3 Qg5 27. Qxg5+ Nxg5
28. h4 Nh7 29. Nxe6 fxe6 30. Rxd6 $36) 26... Bxe4 27. Rfe1 Bh7 (27... f5 28. f3
) (27... Bg6 28. Nxe6 $1) 28. Re3 {First of all White has to include new
forces into offence.} (28. Nc6 Qd7 $1 (28... Qc7 29. Rd4 $1 Bf5 $8 (29... f6
30. Rxe6) 30. Qf6 $1 $18 {[%cal Rd4h4]}) 29. Ne5 (29. Rd4 f6 $1) 29... Qe7 $11)
28... Rac8 {[%csl Rc6]} (28... Rfd8 29. Rh3 f6 30. Nc6 Qg7 31. Qe3 $1 $16) 29.
f4 $1 (29. Rh3 f6 30. Nxe6 Rf7 $1) 29... Kh8 $2 ({I think Black should have
taken his chances with} 29... Rfe8 $8 {for example} 30. Nxe6 $5 Qxe6 $1 (30...
fxe6 31. Rxd6 Rcd8 32. Rxd8 Rxd8 33. h3 $40) 31. Rxe6 Rxe6 32. Qxe6 (32. Qg5+
$5 $132) 32... fxe6 33. Rxd6 Rc4 $13 {with complicated endgame.}) 30. f5 $1 {
[%cal Of5e6,Rf5f6]} (30. Nf5 $5 exf5 31. Rxe7 Bxe7 32. Qxb6 $16) 30... Rg8 31.
Rh3 f6 32. Nxe6 {[%csl Ge6][%cal Rd1d6]} Be5 (32... Bc7 33. Rhd3 $5) 33. Rhd3
$18 {[%cal Rd3d7] The smoke has been cleared, White has material advantage and
manages to turn it quickly into a win.} Qb7 $8 {[%csl Rg2]} 34. R1d2 Rc7 35.
Rd8 (35. Nxc7 $5 $18) 35... Rcg7 36. Nxg7 Qxg7 37. Rxg8+ Qxg8 (37... Kxg8 38.
Rd8+) 38. Rd7 1-0

[Event "GER-ch 74th"]
[Site "Saarbruecken"]
[Date "2002.11.27"]
[Round "6"]
[White "Naiditsch, Arkadij"]
[Black "Huebner, Robert"]
[Result "1-0"]
[WhiteElo "2586"]
[BlackElo "2640"]
[Annotator "Psakhis,L"]
[PlyCount "89"]
[EventDate "2002.11.22"]
[EventType "swiss"]
[EventRounds "9"]
[EventCountry "GER"]
[SourceTitle "CBM 093"]
[Source "ChessBase"]
[SourceDate "2003.04.01"]
[SourceVersion "1"]
[SourceVersionDate "2003.04.01"]
[SourceQuality "1"]

1. e4 e6 2. d4 d5 3. Nd2 c5 4. exd5 Qxd5 5. Ngf3 cxd4 6. Bc4 Qd8 {This move
was quite popular 10 years ago, but nowadays it become rare guest in chess
practice} (6... Qd6 {is more common}) 7. O-O Nc6 8. Nb3 Nf6 9. Nbxd4 ({It
looks that} 9. Qe2 $5 Be7 10. Rd1 O-O 11. Nbxd4 {allows to white to keep small
advantage, for example} Qc7 12. Nxc6 bxc6 13. Bg5 Bb7 14. Ne5 $14 {1-0
Strickert-Hunger/corr 1984 (34)}) 9... Nxd4 10. Nxd4 a6 11. Re1 (11. c3 Bc5 12.
Be3 Qc7 13. Bb3 O-O 14. Qf3 Bd7 15. Rfe1 Bd6 16. h3 e5 17. Nc2 Bc6 18. Qe2 h6 {
1/2-1/2 Huebner,R-Petrosian,T/Bugojno i33 1982 (18)}) 11... Bc5 (11... Be7 12.
c3 Bd7 13. Qf3 Qb6 14. Bb3 Rc8 15. Be3 $36 {1-0 Damaso,R-Costa,G/Lisboa-op-11
1999 (48)}) 12. Be3 $5 $146 {This move is clearly stronger than} (12. Nb3 Qxd1
13. Rxd1 Bb6 14. Be2 Ne4 15. Be3 Bxe3 16. fxe3 e5 17. Na5 Ke7 $11 {1/2-1/2
Rodriguez,A-Smyslov,V/San Martin 1993 (42)}) 12... O-O 13. Bb3 Qc7 14. c3 (14.
Bg5 e5 $5 15. Nf3 Bg4 $11) 14... Bd6 15. h3 b6 ({In the case of} 15... e5 16.
Nf3 Bf5 17. Bg5 $1 $14 {Black must work very hard for equalization}) 16. Bg5
Bb7 17. Bc2 Bh2+ $6 {Doctor Huebner takes too much risk - his kingside lacks
protection and to allow White to get here strong attack.} (17... Nd5 $5 18. Qh5
g6 19. Qh4 e5 20. Nf3 $14) (17... Be7 $142 $5) 18. Kh1 Bf4 ({Again} 18... Nd5
$5 {worth considering}) 19. Bxf6 gxf6 20. Rxe6 $5 {Strong and effective move,
but} ({it looks that} 20. Qg4+ $142 $1 {will be even stronger, for example} Bg5
(20... Kh8 21. Qh4) 21. Ne2 $1 (21. h4 Qf4 22. Qxf4 Bxf4 23. Be4 $14) (21. Nxe6
fxe6 22. h4 $16) 21... Kh8 22. f4 Bh6 23. Qh4 Kg7 24. Ng3 $16) 20... fxe6 21.
Nxe6 Qe7 (21... Qd6 22. Qg4+ Bg5 23. h4 $16) (21... Qe5 22. Qg4+ Bg5 23. f4)
22. Nxf4 {White advantahe is obvious, he has two pawns for the exchange and
good attacking prospects against Black's king} Rad8 (22... Kh8 $142 $1 23. Qh5
Qf7) 23. Qg4+ Kh8 24. Qh4 Rg8 $8 {[%cal Rb7g2,Rg8g2]} 25. f3 $1 {After this
move Black can't find any defense against simple threat Ng6+} (25. Ng6+ $2 Rxg6
26. Bxg6 Rg8 $1) 25... Rg5 26. Ng6+ (26. Re1 $5 Qf7 (26... Re5 $2 27. Rxe5 $18)
27. Ne6 Rgd5 28. Nxd8 Rxd8 29. Bxh7 $1 $18 {wins even easy}) 26... Rxg6 27.
Bxg6 Qg7 (27... Rg8 28. Be4 $18) 28. Bf5 ({It is quite starnge that Naiditsch
didn't make simple move} 28. Bxh7 $5 {and after almost force} Qg5 (28... Rd2
29. Bc2+ Kg8 30. Bb3+ Kf8 31. Qb4+ $18) 29. Qxg5 fxg5 30. Bf5 Rd2 31. b3 $18 {
Black can simply resign}) 28... Rd2 29. Qg4 Bd5 (29... Rxb2 30. Rd1 $18 {
[%cal Rd1d7]}) 30. b3 Bf7 (30... b5 31. a4 $5) 31. c4 Qxg4 (31... h5 $5 32.
Qxg7+ Kxg7 33. a4 Rb2 34. Rb1 $18) 32. hxg4 a5 {[%cal Ga5a4]} 33. a4 $1 Kg7 (
33... Rb2 34. Rc1 $1 Rxb3 35. c5 bxc5 36. Rxc5 $18) 34. Rc1 {Everything become
clearly - after c5 White wins in few moves} Rb2 35. c5 bxc5 36. Rxc5 Rxb3 37.
Rxa5 $18 {Rest is simple} Bg6 38. Rb5 Ra3 39. a5 Ra2 40. Kh2 Kh6 41. Kg3 Ra4
42. Rc5 Ra2 43. Bc8 Ra3 44. a6 Bd3 45. Rc7 (45. Rc7 Bxa6 46. Bf5) 1-0

[Event "EU-Cup 18th"]
[Site "Kallithea"]
[Date "2002.09.27"]
[Round "6.1"]
[White "Adams, Michael"]
[Black "Borovikov, Vladislav"]
[Result "1-0"]
[WhiteElo "2752"]
[BlackElo "2570"]
[Annotator "Psakhis,L"]
[PlyCount "75"]
[EventDate "2002.09.22"]
[EventType "team-swiss"]
[EventRounds "7"]
[EventCountry "GRE"]
[SourceTitle "CBM 092"]
[Source "ChessBase"]
[SourceDate "2003.02.06"]
[SourceVersion "1"]
[SourceVersionDate "2003.02.06"]
[SourceQuality "1"]
[WhiteTeam "Sarajevo Bosna"]
[BlackTeam "Momot Alexander"]
[WhiteTeamCountry "BIH"]
[BlackTeamCountry "UKR"]

1. e4 e6 2. d4 d5 3. Nd2 c5 4. exd5 Qxd5 5. dxc5 {Adams use time from time
this modest variation.} Bxc5 6. Ngf3 Nf6 7. Bc4 Qc6 (7... Qd8 $5) (7... Qh5 $5)
8. O-O O-O 9. Qe2 a6 (9... Nbd7 10. Nb3 a6 11. Bg5 Bd6 12. Rfe1 Qc7 13. Rad1
Kh8 14. c3 b5 15. Bd3 Bb7 16. Nbd4 Nc5 $11 {Greenidge,K-Montanez,R/Merida
Sub-zt-2.3.5 2001/Ajelibre/0-1 (44)}) 10. a4 Nbd7 11. Nb3 Bd6 12. Rd1 $146 (12.
Nbd4 Qc7 13. Re1 Rd8 14. c3 h6 15. Bd2 Nc5 16. h3 b6 17. Bd3 Nxd3 18. Qxd3 e5
19. Nb5 axb5 20. Qxb5 Ba6 21. Qb3 Bb7 22. Qa2 Bc5 23. Nxe5 Ne4 {0-1 Grant,
B-Wust,M/corr 1995 (23)}) 12... Nb6 ({Worth considering} 12... Qc7 $142 $5 13.
a5 $140 b5 $5 14. axb6 Nxb6 15. Bd3 (15. Bxa6 e5 $5 $44) 15... Bb7 $13) 13. Bd3
Nbd5 14. Na5 $1 {[%cal Ga5c4]} Qc7 15. Nc4 Be7 16. a5 $14 {White got without
big efforts nice and promising position} Bd7 {[%cal Gd7b5]} 17. Nce5 Nb4 18.
Nxd7 (18. Bf4 $5 Nxd3 19. Qxd3 $36 {was another interesting option.}) 18...
Nxd7 19. Bc4 (19. Be4 Nf6 20. Bg5 Nxe4 21. Qxe4 $14 {=}) 19... Bf6 (19... Rad8
$5) 20. g3 {Little bit slow} ({White could play} 20. c3 Nc6 21. Qe4 {[%cal
Gc1f4]} Nc5 22. Bf4 $5 {with small edge.}) 20... Ne5 (20... Rac8 $5 21. c3 Nc6
(21... Qxc4 $2 22. Qxc4 Rxc4 23. Rxd7 Nc2 24. Ra2 $16) 22. Bf4 (22. Bd3 Nxa5
23. Bf4 e5 24. Bf5 exf4 25. Rxd7 Qb6 $132) 22... e5 23. Be3 Nxa5 24. Bd5 $44)
21. Nxe5 Bxe5 22. c3 Nc6 {[%csl Ra5]} 23. Re1 Bf6 (23... Nxa5 24. Rxa5 Bxc3 $1
25. bxc3 Qxa5 26. Bd3 $5 Qxc3 27. Bb2 {[%csl Gb2,Gd3] leads to interesting
game, but couple of white bishops con produced real danger for black king}) 24.
Qh5 (24. Bd3 $5 Rfd8 (24... Nxa5 $4 25. Qh5 $18) 25. Be4 $14 {[%cal Ge2c4]})
24... e5 (24... Rad8 25. Bb3 (25. Be3 Nxa5 $1) 25... e5) 25. Qf5 $5 Be7 26. Bh6
$6 {Inaccuracy!} (26. Bf1 $142 $5 g6 27. Qe4 $14 {[%cal Gf1g2,Ge4c4]}) 26...
Rad8 {[%cal Gd8d6]} 27. Ba2 Rd6 28. Be3 Qxa5 $1 {Finally, Black even won a
pawn, but White keeps reasonable compensation for it.} 29. h4 $44 {[%csl Ga2]}
(29. Bxf7+ $2 Rxf7 $19) 29... Qc7 (29... Qb5 $142 $5 {[%cal Gb5d3]}) 30. Rad1
g6 31. Qf3 Bf6 (31... Kg7 $5 {[%cal Gf7f5]}) 32. Rxd6 Qxd6 33. b4 $1 {[%cal
Re3c5]} (33. Rd1 Qe7 34. Bd5 Rd8 35. Rd2 $1 $36) 33... e4 34. Qxe4 Bxc3 35. Bc5
Qf6 (35... Qd2 36. Re2 Qd1+ 37. Kg2 Rb8 $2 38. Qc4 $18) 36. Re3 $2 {Serious
mistake} ({After correct} 36. Re2 $1 Bd4 37. Bxf8 Kxf8 38. Bd5 $16 {Black is
in serious troubles.}) 36... Bd2 $2 {Borovikov just look for troubles! Instead
of this move he could continue} (36... Bd4 $1 {with possible continuation} 37.
Rf3 Qe5 38. Bd5 (38. Qxe5 Nxe5 39. Rb3 Rd8 $17) 38... Bxc5 39. bxc5 Qxe4 40.
Bxe4 Rc8 $17 {and a clear advantage in the endgame.}) 37. Re2 $1 (37. Rf3 Qa1+
38. Bb1 Rd8) 37... Rd8 $4 {[%mdl 8192]} (37... Qa1+ 38. Kg2 Qxa2 39. Bxf8 Kxf8
40. b5 $1 axb5 41. Qd3 b4 42. Rxd2 Qe6 $14) 38. Qe8+ $1 (38. Qe8+ Rxe8 39.
Rxe8+ Kg7 40. Bf8+ Kg8 41. Bh6#) 1-0

[Event "ISR-ch"]
[Site "Ramat Aviv/Modiin"]
[Date "2000.12.25"]
[Round "9"]
[White "Tseitlin, Mark D"]
[Black "Psakhis, Lev"]
[Result "0-1"]
[WhiteElo "2445"]
[BlackElo "2624"]
[Annotator "Psakhis,L"]
[PlyCount "72"]
[EventDate "2000.12.17"]
[EventType "tourn"]
[EventRounds "11"]
[EventCountry "ISR"]
[EventCategory "11"]
[SourceTitle "CBM 081"]
[Source "ChessBase"]
[SourceDate "2001.03.20"]
[SourceVersion "1"]
[SourceVersionDate "2001.03.20"]
[SourceQuality "1"]

1. e4 e6 2. d4 d5 3. Nd2 c5 4. Ngf3 Nc6 5. Bb5 cxd4 6. Nxd4 Bd7 7. Nxc6 Bxc6 8.
Bxc6+ bxc6 9. c4 Bc5 10. Qa4 Ne7 11. exd5 (11. cxd5 exd5 12. Nb3 (12. O-O O-O
13. b3 Re8 14. Bb2 Qb6 15. Nf3 Ng6 16. exd5 cxd5 17. Rad1 Re4 18. Qd7 Rd8 19.
Qf5 Re2 20. Bd4 Bxd4 {1/2-1/2 Vydeslaver,A-Komarov,D/Paris 1996/Inf 66 (20)})
12... Bb6 13. O-O O-O 14. Bg5 Re8 15. Rfe1 Qd6 16. Rad1 {1/2-1/2 Sutovsky,
E-Psakhis,L/Isle of Man op 1999 (16)}) 11... exd5 12. Nb3 (12. cxd5 Qxd5 13.
O-O O-O 14. Nf3 Rab8 15. Qc2 Nf5 16. b3 Nd4 17. Nxd4 Bxd4 18. Bb2 c5 19. Rad1
Rfd8 20. Bxd4 cxd4 21. Rd3 Rd7 $11 {1/2-1/2 Breder,D-Luther,T/Pardubice Czech
op 2000/The Week in Chess 299 (37)}) 12... Bb6 13. c5 $1 $146 {[%mdl 8] This
strong novelty changes the evaluation of the hole variation. According to
theory (and practice!) Black already equalized the position, but now I very
doubt about it.} (13. O-O O-O 14. Bg5 h6 15. Bh4 dxc4 16. Rad1 Qc8 17. Bxe7 Re8
18. Bc5 cxb3 19. Bxb6 axb6 20. Qxb3 Qe6 {1/2-1/2 Kalezic,B-Komarov,D/Niksic
2000 (20)}) 13... Bc7 14. O-O O-O ({Worth of consideration is} 14... h6 15. Qg4
Be5) 15. Bg5 f6 {What else?} (15... Be5 16. Bxe7 Qxe7 17. Qxc6 Rfd8 18. Rab1
$36 {leads to White's advantage.}) 16. Bf4 Be5 17. Rae1 Qc7 ({Possibly} 17...
Qb8 18. Nd4 Ng6 {was stronger than the text.} (18... Bxf4 19. Rxe7 Bxh2+ 20.
Kh1 Qf4 21. g3 $1 Bxg3 22. Rxg7+ $1 $18)) 18. Bd2 $6 {According to Mark
Tseitlin he had this position in the time of home preparation, but this move,
first which he made on the board, gives to Black chances for counterplay.} ({
Black will have big troubles after} 18. Bc1 $1 {for example} Qd7 (18... Bxh2+
19. Kh1 Nf5 20. g4 Ne7 21. Nd4 (21. Rxe7 Qxe7 22. Kxh2 f5 $1)) 19. f4 Bc7 20.
Nd4 $16 {[%csl Ga4,Rc6,Gd4,Ge1]}) (18. Nd4 Bxf4 19. Ne6 Bxh2+ 20. Kh1 Qb8 21.
Nxf8 Kxf8 22. f4 Bg3) 18... Bxh2+ $1 {Beggining of funny bishop dance} (18...
Qd7 19. f4 Bc7 20. Nd4 $16) 19. Kh1 Be5 20. f4 Nf5 $1 21. Rf3 ({It is not
clear, if White will get an advantage after} 21. Kg1 Bxb2 22. Rb1 Ng3 {with
possible continuation} 23. Rfe1 Rae8 24. Rxb2 (24. Rxe8 Rxe8 25. Rxb2 Qf7 26.
Qxc6 Qh5 27. Kf2 $8 Ne4+ 28. Kg1 (28. Ke3 $2 Nxd2+ (28... Nxc5+ $5 29. Kd4 Na4
$19) 29. Kxd2 Qe2+ 30. Kc1 Qe1+ 31. Kc2 Re2+ 32. Kd3 Re3+ 33. Kd4 Qc3+ 34. Kxd5
Rd3+ 35. Ke4 Qc4+ 36. Kf5 g6+ 37. Kg4 h5+ $19) 28... Qd1+ $11) 24... Ne2+ (
24... Qf7 25. Qxc6 Qh5 26. Re6 $5) 25. Kf1 Re4 26. Qa5 Qe5 $5) 21... Bxb2 22.
Rb1 Be5 23. fxe5 fxe5 24. Qg4 (24. Na5 e4 25. Rb7 $140 $2 exf3 26. Rxc7 f2 $19)
24... g6 25. Na5 {A step in the falsely complex direction.} (25. Rbf1 $5 Qd7
26. Na5 Rf7 $5 $13 27. Nxc6 $140 $2 Qxc6 28. Rxf5 Qe6 $19) 25... e4 $1 26. Rb7
$2 {[%mdl 8192] A terrible mistake} (26. Rfb3 e3 $5) (26. Ra3 {[%cal Ga3a5]}
Rab8 27. Rxb8 Rxb8 $13 {leads to unclear position.}) 26... exf3 $1 27. Rxc7 f2
$19 28. Kh2 f1=Q 29. Qh3 Rf7 (29... h5 $5 30. Rxc6 Kh7 31. Rc7+ Kh8) 30. Rxf7
Kxf7 31. Qxh7+ Ng7 (31... Kf6 $5 32. Nxc6 Qf2 33. Bc3+ Kg5 $19) 32. Nb7 (32.
Nxc6 $5 Qf6) 32... Qf6 33. Nd6+ Ke6 $19 34. Kg1 (34. Bg5 Qxg5 35. Qxg7 Qf6) (
34. Qh3+ Nf5 35. Nxf5 Qxf5) 34... Rb8 35. Be1 Rb1 36. Qg8+ Ke5 0-1